[Event "IND-ch U15"]
[Site "Mumbai"]
[Date "2009.11.02"]
[Round "2"]
[White "Hariharan, R."]
[Black "Sai, Krishna GV"]
[Result "0-1"]
[WhiteElo "1862"]
[BlackElo "2225"]
[PlyCount "42"]
[EventDate "2009.11.01"]
[EventType "swiss"]
[EventRounds "11"]
[EventCountry "IND"]
[SourceTitle "EXT 2011"]
[Source "ChessBase"]
[SourceDate "2010.11.26"]
[SourceVersion "1"]
[SourceVersionDate "2010.11.26"]
[SourceQuality "1"]

1. e4 e5 2. Nc3 Nf6 3. d3 d5 4. Bg5 d4 5. Nd5 c6 6. Nxf6+ gxf6 7. Bh4 Bb4+ 8. Ke2 Nd7 9. f4 exf4 10. Nf3 Qb6 11. Bf2 c5 12. Qc1 Qd6 13. c3 dxc3 14. bxc3 Ba5 15. Qa3 b6 16. Rd1 Bb7 17. Nd2 Ne5 18. d4 0-0-0 19. g3 Qd7 20. Bg2 Qg4+ 21. Ke1 Nd3+ 0-1